| 000 | 00375nam a2200157Ia 4500 | ||
|---|---|---|---|
| 008 | 230917s9999||||xx |||||||||||||| ||und|| | ||
| 040 |
_e78618 _aMAIN |
||
| 041 | _aEnglish | ||
| 082 | _a346.043 R43I | ||
| 100 | _aRiddall, J G | ||
| 245 | 0 | _aIntroduction to land law | |
| 250 | _a2nd ed. | ||
| 260 |
_aLondon _bButterworths _c1979 |
||
| 300 | _axxx, 403 p. | ||
| 942 | _cBK | ||
| 999 |
_c202764 _d202764 |
||